Christ speaks to the church. (Record no. 6195)

000 -LEADER
fixed length control field 00629nam a2200193 a 4500
001 - CONTROL NUMBER
control field :::00003938$&:&@@
003 - CONTROL NUMBER IDENTIFIER
control field OkBaRHE
005 - DATE AND TIME OF LATEST TRANSACTION
control field 20000607103315.0
008 - FIXED-LENGTH DATA ELEMENTS--GENERAL INFORMATION
fixed length control field s1960 j 000 0 eng u
040 ## - CATALOGING SOURCE
Transcribing agency
100 1# - MAIN ENTRY--PERSONAL NAME
Personal name Epp, Theodore H.
245 10 - TITLE STATEMENT
Title Christ speaks to the church.
260 ## - PUBLICATION, DISTRIBUTION, ETC. (IMPRINT)
Place of publication, distribution, etc Lincoln, NE., :
Name of publisher, distributor, etc Back to the Bible Publishers
Date of publication, distribution, etc c1960
300 ## - PHYSICAL DESCRIPTION
Extent 142 p. ;
Dimensions 17 cm.
650 ## - SUBJECT ADDED ENTRY--TOPICAL TERM
Topical term or geographic name as entry element Bible New Testament Revelation 2-3
General subdivision Criticism, Interpretation, etc.
650 ## - SUBJECT ADDED ENTRY--TOPICAL TERM
Topical term or geographic name as entry element Seven Churches
942 ## - ADDED ENTRY ELEMENTS (KOHA)
Source of classification or shelving scheme
Koha item type Books
Copies
Lost status Not for loan Koha item type Barcode Shelving location Source of classification or shelving scheme Full call number Date last seen Copy number Date acquired Withdrawn status Price effective from Permanent Location Damaged status
  Books3938General Stacks BS 2825.2 .B372018-04-0312010-04-14 2010-04-14RHEMA Bible Training College